Statistics for Leaders of Europe in 2022 By Picture

Click here to take the quiz!

General Stats

  • This quiz has been taken 91 times
  • The average score is 7 of 16

Answer Stats

Answer% Correct
Emmanuel Macron
95%
Boris Johnson
93%
Vladimir Putin
93%
Olaf Scholz
68%
Aleksandr Lukashenko
58%
Viktor Orbán
55%
Volodymyr Zelenskyy
55%
Pedro Sánchez
47%
Mario Draghi
40%
Magdalena Andersson
28%
Sauli Niinistö
13%
Andrzej Duda
12%
Marcelo Rebelo de Sousa
10%
Miloš Zeman
8%
Klaus Iohannis
7%
Katerina Sakellaropoulou
2%

Score Distribution

Percentile by Number Answered

Percent of People with Each Score

Your Score History

You have not taken this quiz